Los límites del planeta : mitos de la naturaleza y de la población /

Guardado en:
Autor Principal: Le Bras, Hervé
Formato: Libro
Publicado: Buenos Aires : Ariel, 1997
Series:Ariel geografía
Materias:
Etiquetas: Agregar Etiqueta
Sin Etiquetas, Sea el primero en etiquetar este registro!
LEADER 00794nam a22002415a 4500
001 CEM.cems009920
005 20080702100602.0
008 130507s1997##################000#0#####d
003 CEMS
020 |a 9509122599 
082 0 4 |a 312 
100 1 |a Le Bras, Hervé 
245 1 0 |a Los límites del planeta :  |b mitos de la naturaleza y de la población /  |c Hervé Le Bras 
260 |a Buenos Aires :  |b Ariel,  |c 1997 
300 |a 256 p. 
490 0 |a Ariel geografía 
500 |a Red Federal de Formación Docente 
505 0 |a Superpoblación -- Cambio global -- Subsistencias -- Poblaciones animales -- Fantasmas demográficos 
653 |a Demografía 
653 |a Ecología 
653 |a Educación ambiental 
653 |a Geografía 
859 |a CEMS  |b BIB. CEMS - 11 de abril  |h 312  |i L493  |p 20202.99  |t Ej.1